00480nam a2200157Ia 4500008004100000020001300041082001400054100001900068245005500087250000700142260004800149300002900197500001900226600002700245650005000272240925s9999 xx 000 0 und d a24216658 a006.3 TUR aTurban, Efraim 0aExpert Systems and Applied Artificial Intelligence aNA aNew York:bMacmillian Publishing Coc,1992. axxii,804p.bNAfOriginal aIncludes Index aEngineering Technology aComputer science, information & general works